The Oxford School Music Books: Teacher's Manual. (Record no. 2622)

MARC details
000 -LEADER
fixed length control field 00383nam a22001217a 4500
005 - DATE AND TIME OF LATEST TRANSACTION
control field 20200922095914.0
008 - FIXED-LENGTH DATA ELEMENTS--GENERAL INFORMATION
fixed length control field 200922b ||||| |||| 00| 0 eng d
020 ## - INTERNATIONAL STANDARD BOOK NUMBER
International Standard Book Number 13310
040 ## - CATALOGING SOURCE
Transcribing agency CML
245 ## - TITLE STATEMENT
Title The Oxford School Music Books: Teacher's Manual.
Statement of responsibility, etc. Fiske, R.
260 ## - PUBLICATION, DISTRIBUTION, ETC.
Place of publication, distribution, etc. 44 Conduit Street
Name of publisher, distributor, etc. Oxford University
Date of publication, distribution, etc. 1954
942 ## - ADDED ENTRY ELEMENTS (KOHA)
Source of classification or shelving scheme Dewey Decimal Classification
Koha item type Audio Files
Edition 1st Edition
Classification part 780
Call number suffix FIS
Holdings
Withdrawn status Lost status Source of classification or shelving scheme Damaged status Not for loan Collection code Home library Current library Shelving location Date acquired Total Checkouts Full call number Date last seen Copy number Price effective from Koha item type
    Dewey Decimal Classification     Technology (Applied Sciences) Chalimbana Main Library Chalimbana Main Library The Arts Fine & Decorative Arts 09/22/2020   780.7 FIS 09/22/2020 1 09/22/2020 Audio Files

Powered by Koha